000 00927nam a22002898i 4500
001 021254320
003 EG-ScBUE
005 20260218151626.0
008 231011s2024 flua f b 001 0 eng d
020 _a9781032365510
040 _aStDuBDS
_beng
_erda
_cStDuBDS
_dEG-ScBUE
082 0 4 _a794.83
_222
_bANN
100 1 _aAnnander, Martin,
_eauthor.
245 1 4 _aThe game design toolbox /
_cMartin Annander.
264 1 _aBoca Raton :
_bCRC Press,
_c2024.
300 _a182 pages :
_billustrations (black and white) ;
_c24 cm
336 _atext
_2rdacontent
_btxt
336 _astill image
_2rdacontent
_btxt
337 _aunmediated
_2rdamedia
_bn
338 _avolume
_2rdacarrier
_bnc
504 _aIncludes bibliographical references and index.
650 7 _aVideo games
_xDesign
_vVocational guidance.
_2BUEsh
653 _cFebruary2026
_bART
655 _vReading book
942 _2ddc
_cBB
999 _c31148
_d31119